000 00598nam a22001817a 4500
005 20170405111830.0
010 _aENG-117434
020 _a9788183875011
_c450.00
035 _aEN-100966
037 _bDBAD/PUB
082 _a324.254
100 _aReddy G. Ramachandhra
245 _aAnna Hazare's :
_cG.Ramachandhra raddy
_bCall for secomnd independence struggle/
260 _aNew Delhi
_bSerials publications
_c2011
270 _a4830/24, Prahlad street, ansari road darya ganj,
_bNew Delhi
_e110002
300 _axxiii,153p
_c22cm(pbk)
942 _2ddc
_cEN
_h324.254
_kRED
999 _c138137
_d138137